00880nam a2200181Ia 4500003000900000008004100009020002200050040001600072080002900088111015200117245023900269260005000508300002300558650003000581650003100611700003100642700002500673IN-BaIIA211028s9999 xx 000 0 eng d a978-0-7354-0449-6 cIIA Library a535.338.3:52(082.1)bSPE aAnnual International Astrophysics Conference on Turbulence and nonlinear Processes in Astrophysical Plasmasn6thcSremski Karlovcid2007 June 11-15 0aSpectral line shapes in Astrophysicsbproceedings of the VI Serbian Conference on spectral line shapes in Astrophysics (VI SCSLSA) , held in Sremski Karlovci, Serbia, 11 - 15 June 2007cedited by Luka Popovic and Milan S. Dimitrijevic aMelvillebAmerican Institute of Physicsc2007 a[various pagings.] aAstrophysics - congresses aSpectral line - congresses aDimitrijevic, Milan S. ed. aPopovic , Luka., ed.